[Event "Aftab Cup op 2nd"]
[Site "Khomein"]
[Date "2018.08.28"]
[Round "5"]
[White "Doroodian, Mahyar"]
[Black "Pavlidis, Anastasios"]
[Result "0-1"]
[WhiteElo "2065"]
[BlackElo "2368"]
[PlyCount "114"]
[EventDate "2018.08.25"]
[EventType "swiss"]
[EventRounds "9"]
[EventCountry "IRI"]
[SourceTitle "CBM 186 Extra"]
[Source "ChessBase"]
[SourceDate "2018.08.24"]
[SourceVersion "1"]
[SourceVersionDate "2018.08.24"]
[SourceQuality "1"]

1. d4 g6 2. Nf3 Bg7 3. Bg5 c5 4. c3 cxd4 5. cxd4 Qb6 6. Qd2 Nc6 7. e3 d6 8. Nc3 h6 9. Bh4 g5 10. Bg3 Bf5 11. Bb5 Kf8 12. 0-0 Nf6 13. d5 Ne4 14. Nxe4 Bxe4 15. dxc6 Qxb5 16. Nd4 Qb6 17. cxb7 Qxb7 18. f3 Bg6 19. h4 gxh4 20. Bxh4 Kg8 21. f4 Be4 22. f5 Kh7 23. f6 Bxf6 24. Bxf6 Rhg8 25. Rf2 exf6 26. Nf5 Bxf5 27. Rxf5 Rxg2+ 28. Qxg2 Rg8 29. Qxg8+ Kxg8 30. Rf2 Qe4 31. Re1 Kf8 32. Rf4 Qg6+ 33. Kf2 h5 34. Rh1 Qc2+ 35. Kg3 Qxb2 36. Rxh5 Qxa2 37. Rhf5 Qb3 38. Kf3 Qd1+ 39. Kf2 Qd2+ 40. Kf3 Ke7 41. Re4+ Kd7 42. Rxf6 Qd5 43. Kf4 Kc6 44. Rf5 Qd3 45. Rd4 Qf1+ 46. Ke4 Qg2+ 47. Kf4 d5 48. Ke5 Qg3+ 49. Rdf4 Qxe3+ 50. Kf6 d4 51. Kxf7 d3 52. Rf6+ Kd7 53. Rf3 Qd4 54. Rf1 d2 55. Rd1 Qc4+ 56. Kf8 Qb4+ 57. Kg8 Qg4+ 0-1

[Event "Aftab Cup op 2nd"]
[Site "Khomein"]
[Date "2018.08.27"]
[Round "4"]
[White "Darini, Pouria"]
[Black "Doroodian, Mahyar"]
[Result "1/2-1/2"]
[WhiteElo "2463"]
[BlackElo "2065"]
[PlyCount "81"]
[EventDate "2018.08.25"]
[EventType "swiss"]
[EventRounds "9"]
[EventCountry "IRI"]
[SourceTitle "CBM 186 Extra"]
[Source "ChessBase"]
[SourceDate "2018.08.24"]
[SourceVersion "1"]
[SourceVersionDate "2018.08.24"]
[SourceQuality "1"]

1. d4 g6 2. e4 Bg7 3. Nc3 d6 4. Be3 a6 5. a4 b6 6. Nf3 Bb7 7. Be2 Nd7 8. h3 e6 9. 0-0 Ne7 10. Qd2 h6 11. Bd3 c5 12. Rad1 Qc7 13. Rfe1 Rd8 14. Qe2 Ra8 15. Qd2 Rd8 16. a5 bxa5 17. Ra1 cxd4 18. Nxd4 Nc5 19. Bf1 h5 20. Bg5 0-0 21. Bh6 Qb6 22. Bxg7 Kxg7 23. Qe3 Qc7 24. Ra3 Rb8 25. Qg5 Nc6 26. Nde2 Nb4 27. Ng3 Rh8 28. Qd2 h4 29. Nh1 Rbd8 30. f3 e5 31. Nf2 Ne6 32. Nd5 Qxc2 33. Rd1 Qxd2 34. Rxd2 Bxd5 35. exd5 Nc5 36. Ne4 Nxe4 37. fxe4 Rc8 38. Rxa5 Rc1 39. Ra4 Rb8 40. Kf2 Rb6 41. Ra3 1/2-1/2

[Event "Aftab Cup op 2nd"]
[Site "Khomein"]
[Date "2018.08.25"]
[Round "1"]
[White "Doroodian, Mahyar"]
[Black "Omidi, Arya"]
[Result "0-1"]
[WhiteElo "2065"]
[BlackElo "2383"]
[PlyCount "90"]
[EventDate "2018.08.25"]
[EventType "swiss"]
[EventRounds "9"]
[EventCountry "IRI"]
[SourceTitle "CBM 186 Extra"]
[Source "ChessBase"]
[SourceDate "2018.08.24"]
[SourceVersion "1"]
[SourceVersionDate "2018.08.24"]
[SourceQuality "1"]

1. d4 Nf6 2. Bg5 g6 3. Nd2 Bg7 4. Ngf3 0-0 5. e3 d6 6. Bc4 Nbd7 7. 0-0 e5 8. dxe5 dxe5 9. e4 Qe7 10. Qe2 h6 11. Bh4 a5 12. a3 Re8 13. Rfd1 Nc5 14. Bxf6 Qxf6 15. Qe3 Nd7 16. Nf1 Qe7 17. Rd2 Nf6 18. Ng3 Ng4 19. Qe1 h5 20. h3 Nf6 21. Qe3 Be6 22. Bxe6 Qxe6 23. Rad1 b6 24. Qc3 Bh6 25. Rd3 Rac8 26. Qe1 Bf4 27. Nf1 Qc6 28. N1d2 Qxc2 29. Rc3 Qxb2 30. Rdc1 Qb5 31. Rxc7 Rxc7 32. Rxc7 Rd8 33. Nf1 Qd3 34. Rc6 Rd6 35. Rxd6 Qxd6 36. g3 Qxa3 37. Kg2 Bh6 38. Nxe5 Qa4 39. Qc3 Qxe4+ 40. Kg1 Qf5 41. Nc6 Qxf2+ 42. Kxf2 Ne4+ 43. Ke2 Nxc3+ 44. Kd3 Nd5 45. Ke4 Nb4 0-1